|
|
|
|
| LEADER |
00000nam a22000007i 4500 |
| 001 |
IT\ICCU\UBO\3994239 |
| 003 |
ItRI |
| 005 |
20260204154655.0 |
| 008 |
130301s2012 it |||||| ||||| |||||c |
| 020 |
|
|
|a 9788863581270
|
| 040 |
|
|
|b ita
|c ARCIGAY RIMINI
|
| 041 |
|
7 |
|a ita
|2 ISO-639-2
|
| 100 |
1 |
|
|a Bartolucci, Valerio
|0 IT\ICCU\MODV\555276
|
| 245 |
1 |
3 |
|a Il segreto di Roma /
|c Valerio Bartolucci.
|
| 300 |
|
|
|a 236 p. ;
|c 21 cm
|
| 942 |
|
|
|2 ddc
|c BK
|
| 952 |
|
|
|0 0
|1 0
|2 ddc
|4 0
|6 853_009000000000000_BAR_SEG
|7 1
|9 2434
|a RN
|b RN
|d 2024-12-27
|l 0
|o 853.009 BAR SEG
|p 9887
|r 2024-12-27 13:22:46
|w 2024-12-27
|y BK
|
| 952 |
|
|
|0 0
|1 0
|4 0
|6 DOC_853_920000000000000_BAR
|7 0
|9 20504
|a BO
|b BO
|d 2026-01-15
|i 16748
|l 0
|o DOC 853.92 BAR
|p BO16748
|r 2026-01-15 23:21:26
|w 2026-01-15
|x [Sebina 5] [1 v.]
|y BK
|z 1 v.
|
| 999 |
|
|
|c 2124
|d 2124
|